Shakespeare: la invención de lo humano
में बचाया:
| मुख्य लेखक: | |
|---|---|
| स्वरूप: | पुस्तक |
| भाषा: | स्पेनिश अंग्रेज़ी |
| प्रकाशित: |
Bogotá
Norma
2001
|
| श्रृंखला: | Colección Biografías y Documentos
|
| विषय: | |
| टैग: |
टैग जोड़ें
कोई टैग नहीं, इस रिकॉर्ड को टैग करने वाले पहले व्यक्ति बनें!
|
MARC
| LEADER | 00000nam a2200000 a 4500 | ||
|---|---|---|---|
| 001 | UCM0411 | ||
| 003 | CL-VaPUC | ||
| 008 | 020301e20010000CK |||||||||||||||||spa|d | ||
| 041 | 0 | 7 | |a spa |2 CL-VaPUC |
| 041 | 0 | 7 | |a eng |2 CL-VaPUC |
| 082 | 0 | 4 | |a 823.33 |b BLO |2 21 |
| 100 | 0 | |a Bloom, Harold |e author |9 467155 | |
| 245 | 1 | 0 | |a Shakespeare: la invención de lo humano |
| 300 | |a 734 p | ||
| 942 | |c BK | ||
| 945 | |d 20020301 00:00:00 |a cmena | ||
| 260 | |a Bogotá |b Norma |c 2001 | ||
| 600 | 0 | |a Shakespeare, William |9 265757 | |
| 650 | 7 | |a LITERATURA INGLESA - CRITICA E INTERPRETACION |2 CL-VaPUC |9 467156 | |
| 650 | 0 | |a Teatro inglés |9 265744 | |
| 583 | |a last modification |c 20020301 00:00:00 |k Rodrigo Vera | ||
| 490 | 0 | |a Colección Biografías y Documentos | |
| 999 | |c 299320 |d 299318 | ||
| 952 | |0 0 |1 0 |4 0 |6 823_330000000000000_BLO_2001 |7 0 |8 A |9 355794 |a FDOPOS |b BIBEDU |d 2019-11-21 |i 3790118 |l 1 |o 823.33 BLO 2001 |p 3790118 |r 2025-01-22 |s 2023-06-27 |w 2019-11-21 |y BK |k MLH | ||